Epidemiology in Medical Practice (Record no. 406)

MARC details
000 -LEADER
fixed length control field 00568nam a22002057a 4500
003 - CONTROL NUMBER IDENTIFIER
control field OSt
005 - DATE AND TIME OF LATEST TRANSACTION
control field 20210324130053.0
008 - FIXED-LENGTH DATA ELEMENTS--GENERAL INFORMATION
fixed length control field 140916b xxu||||| |||| 00| 0 eng d
020 ## - INTERNATIONAL STANDARD BOOK NUMBER
International Standard Book Number 0443037833
040 ## - CATALOGING SOURCE
Transcribing agency 040a
082 ## - DEWEY DECIMAL CLASSIFICATION NUMBER
Classification number WA105 B241e 1990
100 ## - MAIN ENTRY--PERSONAL NAME
Personal name Barker,D.J.P.; Rose, G.
9 (RLIN) 1067
245 ## - TITLE STATEMENT
Title Epidemiology in Medical Practice
250 ## - EDITION STATEMENT
Edition statement 4th
260 ## - PUBLICATION, DISTRIBUTION, ETC. (IMPRINT)
Place of publication, distribution, etc. Edinburgh
Name of publisher, distributor, etc. Churchill Livingstone
Date of publication, distribution, etc. 1990
300 ## - PHYSICAL DESCRIPTION
Extent viii, 163p ;
Other physical details ill :
Dimensions 11 cm.
504 ## - BIBLIOGRAPHY, ETC. NOTE
Bibliography, etc includes bibliographical references and index
650 ## - SUBJECT ADDED ENTRY--TOPICAL TERM
Topical term or geographic name as entry element Epidermiology
9 (RLIN) 1068
942 ## - ADDED ENTRY ELEMENTS (KOHA)
Source of classification or shelving scheme Other/Generic Classification Scheme
Koha item type Short Loan
Holdings
Withdrawn status Lost status Source of classification or shelving scheme Damaged status Not for loan Home library Current library Date acquired Source of acquisition Inventory number Total Checkouts Full call number Barcode Date last seen Price effective from Koha item type
    Other/Generic Classification Scheme     MUST Main Library MUST Main Library 16/09/2014   4262   WA 105 B241e 1990 2014-2755 16/09/2014 16/09/2014 Short Loan
    Other/Generic Classification Scheme     MUST Main Library MUST Main Library 01/07/2016   4260   WA 105 B241e 1990 2016-2939 01/07/2016 01/07/2016 Open Shelf
    Other/Generic Classification Scheme     MUST Main Library MUST Main Library 01/07/2016   4254   WA 105 B241e 1990 2016-2943 01/07/2016 01/07/2016 Open Shelf
    Other/Generic Classification Scheme     MUST Main Library MUST Main Library 05/07/2016   4263   WA 105 B241e 1990 2016-3005 05/07/2016 05/07/2016 Open Shelf